<?xml version="1.0" encoding="UTF-8"?>
<collection xmlns="http://www.loc.gov/MARC21/slim">
    <record>
        <controlfield tag="001">46504</controlfield>
        <controlfield tag="005">20170831220541.0</controlfield>
        <datafield tag="037" ind1=" " ind2=" ">
            <subfield code="a">GDOC-2010-0961</subfield>
        </datafield>
        <datafield tag="041" ind1=" " ind2=" ">
            <subfield code="a">spa</subfield>
        </datafield>
        <datafield tag="100" ind1=" " ind2=" ">
            <subfield code="0">(orcid)0000-0003-3436-776X</subfield>
            <subfield code="a">Peribáñez López, Miguel Ángel</subfield>
        </datafield>
        <datafield tag="245" ind1="0" ind2="0">
            <subfield code="9">62135</subfield>
            <subfield code="a">[Módulo 3] Ecología y estado actual de las enfermedades metaxénicas</subfield>
        </datafield>
        <datafield tag="260" ind1=" " ind2=" ">
            <subfield code="a">Zaragoza</subfield>
            <subfield code="b">Universidad de Zaragoza</subfield>
            <subfield code="c">2010-2011</subfield>
        </datafield>
        <datafield tag="520" ind1=" " ind2=" ">
            <subfield code="a">Es una actualización de los conocimientos existentes de las enfermedades de transmisión vectorial (metaxénicas)profundizando básicamente en los aspectos de la epidemiología descriptiva, la ecología de las enfermedades en base a sus agentes vectores ye l uso de la biología molecular como herramienta en el estudio de los mismos. Enfermedades emergentes metaxénicas. El cambio climático y su influencia en la biología de los vectores y en la capacidad vectorial de los diferentes patógenos. Se dan las bases para la realización de modelos matemáticos partiendo de los estudios de la dinámica de las poblaciones de vectores.   </subfield>
        </datafield>
        <datafield tag="521" ind1=" " ind2=" ">
            <subfield code="9">626</subfield>
            <subfield code="a">Máster Universitario en Iniciación a la Investigación en Ciencias Veterinarias</subfield>
        </datafield>
        <datafield tag="540" ind1=" " ind2=" ">
            <subfield code="a">by-nc-sa</subfield>
            <subfield code="b">Creative Commons</subfield>
            <subfield code="c">3.0</subfield>
            <subfield code="u">http://creativecommons.org/licenses/by-nc-sa/3.0/</subfield>
        </datafield>
        <datafield tag="700" ind1=" " ind2=" ">
            <subfield code="0">(orcid)0000-0003-1417-272X</subfield>
            <subfield code="a">Gracia Salinas, María Jesús</subfield>
        </datafield>
        <datafield tag="700" ind1=" " ind2=" ">
            <subfield code="0">(orcid)0000-0002-2048-4749</subfield>
            <subfield code="a">Castillo Hernández, Juan Antonio</subfield>
        </datafield>
        <datafield tag="700" ind1=" " ind2=" ">
            <subfield code="0">(orcid)0000-0003-0663-8411</subfield>
            <subfield code="a">Lucientes Curdi, Javier</subfield>
        </datafield>
        <datafield tag="830" ind1=" " ind2=" ">
            <subfield code="9">343</subfield>
        </datafield>
        <datafield tag="856" ind1="4" ind2=" ">
            <subfield code="s">75412</subfield>
            <subfield code="u">http://zaguan.unizar.es/record/46504/files/guia.pdf</subfield>
            <subfield code="y">Guía (idioma español)</subfield>
        </datafield>
        <datafield tag="980" ind1=" " ind2=" ">
            <subfield code="a">GDOC</subfield>
            <subfield code="b">Ciencias de la salud</subfield>
            <subfield code="c">105</subfield>
        </datafield>
    </record>

    
</collection>